| 000 | nam a22 7a 4500 | ||
|---|---|---|---|
| 999 |
_c329627 _d329627 |
||
| 003 | NUST | ||
| 005 | 20170614112233.0 | ||
| 008 | 170516b xxu||||| |||| 00| 0 eng d | ||
| 020 | _a9789693523362 | ||
| 040 | _cNUST | ||
| 041 | _hurdu | ||
| 082 |
_a891.4393 _bBUT |
||
| 100 |
_aButt, Razia _9852 |
||
| 245 |
_aA'ashi _cby Razia Butt |
||
| 260 |
_aLahore: _bSang-e- Meel Publications, _c2010 |
||
| 300 | _a328 p. | ||
| 500 | _aNovel | ||
| 650 |
_aUrdu Literature _vNovel _9876 |
||
| 880 |
_6100-01\(3\r _aرضیہ بٹ |
||
| 880 |
_6245-02\(3\r _aعاشی _cرضیہ بٹ |
||
| 880 |
_6260-03\(3\r _aلاہور: _bسنگ میل پبلی کیشنز، _c2010 |
||
| 942 |
_2ddc _cBK |
||